000 005760000a22001690004500
090 _aAR
_b00170
245 1 0 _aVascular plant species counts in the rain forest of the middle Caquetá area, Colombia Amazonia
650 1 4 _aBiodiversidad
_992204
650 1 4 _aConservación
_992401
650 1 4 _aBosques húmedos tropicales
_917491
650 1 4 _aSotoBosques
_993044
651 4 _mAraracuara
_dCaquetá
_pColombia
_992749
041 0 _aInglés
100 1 _aDuivenvoorden, Joost Franciscus
_93687
942 _cARTICULO
773 1 _tBiodiversity and Conservation
_379
_h3
_q685-715
_d1994
999 _c9271
_d9271